000 00837nam a2200253Ia 4500
003 OSt
005 20221005112253.0
006 a|||||r|||| 00| 0
007 ta
008 221004b |||||||| |||| 00| 0 pan d
020 _c275
024 _a11593
037 _b832, 15/03/2014, H.K. Prakashan
_cTextual
040 _aCRL
_cCRL
_bpan
041 _2pan
_apan
082 _aO153,3M97,AN, J6;Q3
100 _aਸਿੰਘ, ਨਾਨਕ
245 0 _aਆਸਤਕ ਨਾਸਤਕ
260 _aਅੰਮ੍ਰਿਤਸਰ
_bਲੋਕ ਸਾਹਿਤ ਪ੍ਰਕਾFਨ ਭਾਰਤ
_c2013
300 _a360ਪੰ
_ccm.
650 _aਪੰਜਾਬੀ ਸਾਹਿਤ
942 _hO153,3M97,AN, J6;Q3
_cTEXL
_2cc
999 _c1024377
_d1024377